书目信息 |
| 题名: |
民事法律文件解读
|
|
| 作者: | 奚晓明 主编 | |
| 分册: | 总第108辑(2013.12) | |
| 出版信息: | 北京 人民法院出版社 2013 |
|
| 页数: | 120页 | |
| 开本: | 23cm | |
| 丛书名: | 最新法律文件解读丛书 | |
| 单 册: | ||
| 中图分类: | D923.05 , D925.105 | |
| 科图分类: | ||
| 主题词: | 民法--法律解释--中国 , 民事诉讼法--法律解释--中国 , 民法 , 法律解释 , 民事诉讼法 | |
| 电子资源: | ||
| ISBN: | 978-7-5109-0875-0 | |
| 000 | 01109oam2 2200325 450 | |
| 001 | 523 | |
| 005 | 20140908084855.93 | |
| 010 | @a978-7-5109-0875-0@dCNY16.00 | |
| 100 | @a20140117d2013 em y0chiy50 ea | |
| 101 | 0 | @achi |
| 102 | @aCN@b110000 | |
| 105 | @ay z 000yy | |
| 106 | @ar | |
| 200 | 1 | @a民事法律文件解读@AMin Shi Fa Lu^ Wen Jian Jie Dou@h总第108辑(2013.12)@HZong Di 108 Ji( 2013.12)@f奚晓明主编@FXi Xiao Ming Zhu Bian |
| 210 | @a北京@c人民法院出版社@d2013 | |
| 215 | @a120页@d23cm | |
| 225 | 2 | @a最新法律文件解读丛书 |
| 304 | @a本书无题名页,200字段信息取自封面 | |
| 330 | @a本书设有“司法解释、司法解释性文件与解读”;“部门规章、部门规章性文件与解读”;“司法实务问题研究”;“新类型疑难案例选评”等栏目。 | |
| 461 | 0 | @12001 @a最新法律文件解读丛书 |
| 606 | 0 | @a民法@x法律解释@y中国 |
| 606 | 0 | @a民事诉讼法@x法律解释@y中国 |
| 606 | 0 | @a民法 |
| 606 | 0 | @a法律解释 |
| 606 | 0 | @a民事诉讼法 |
| 690 | @aD923.05@v5 | |
| 690 | @aD925.105@v5 | |
| 701 | 0 | @a奚晓明@AXi Xiao Ming@f(1954~)@4主编 |
| 801 | 0 | @aCN@bTANGWEI@c20140603 |
| 905 | @b0838774-76@dD923.05@e1184@f3 | |
| 民事法律文件解读.总第108辑(2013.12)/奚晓明主编.-北京:人民法院出版社,2013 |
| 120页;23cm.-(最新法律文件解读丛书) |
| ISBN 978-7-5109-0875-0:CNY16.00 |
| 本书设有“司法解释、司法解释性文件与解读”;“部门规章、部门规章性文件与解读”;“司法实务问题研究”;“新类型疑难案例选评”等栏目。 |
| ● |
| 相关链接 |
|
|
|
|
正题名:民事法律文件解读
索取号:D923.05/1184
 
预约/预借
| 序号 | 登录号 | 条形码 | 馆藏地/架位号 | 状态 | 备注 |
| 1 | 0838774 | 208387743 | 第一样本阅览室/ [索取号:D923.05/1184] | 在馆 | |
| 2 | 0838775 | 208387752 | 密集书库-史法系/ [索取号:D923.05/1184] | 在馆 | |
| 3 | 0838776 | 208387761 | 第一借阅区/ [索取号:D923.05/1184] | 在馆 |